[Event "15. Obert Int. Sant Martí 2013 - B"]
[Site "Barcelona ESP"]
[Date "2013.07.17"]
[Round "5.56"]
[White "Rodriguez Batuecas, Jordi"]
[Black "Sirletti, Sonia"]
[Result "0-1"]
[WhiteElo "1630"]
[BlackElo "1888"]
[PlyCount "52"]
[EventDate "2013.07.13"]
[EventType "swiss"]
[EventRounds "9"]
[EventCountry "ESP"]
[SourceTitle "Ajedrez en Madrid"]
[Source "lmi"]
[SourceDate "2013.07.13"]
[SourceVersion "1"]
[SourceVersionDate "2019.06.21"]
[SourceQuality "1"]

1. e4 d6 2. d4 Nf6 3. Nc3 Nbd7 4. Be2 e5 5. dxe5 dxe5 6. Bg5 Be7 7. Bxf6 Bxf6
8. Nf3 c6 9. O-O O-O 10. Bc4 b5 11. Bb3 Qc7 12. a4 b4 13. Ne2 Nc5 14. Ng3 Rd8
15. Qe1 Ba6 16. Ne2 Nxe4 17. Qxb4 Bxe2 18. Rae1 Bxf3 19. gxf3 Nd2 20. Qg4 Nxb3
21. cxb3 Rd4 22. Qg2 g6 23. Rc1 Rad8 24. f4 Rxf4 25. Rxc6 Qd7 26. f3 Qd2 0-1

[Event "15. Obert Int. Sant Martí 2013 - B"]
[Site "Barcelona ESP"]
[Date "2013.07.17"]
[Round "5.57"]
[White "Roche Peris, Eduard"]
[Black "Cantero Mitjans, Carles"]
[Result "1-0"]
[WhiteElo "1792"]
[BlackElo "1639"]
[PlyCount "93"]
[EventDate "2013.07.13"]
[EventType "swiss"]
[EventRounds "9"]
[EventCountry "ESP"]
[SourceTitle "Ajedrez en Madrid"]
[Source "lmi"]
[SourceDate "2013.07.13"]
[SourceVersion "1"]
[SourceVersionDate "2019.06.21"]
[SourceQuality "1"]

1. d4 c6 2. c4 d5 3. Nf3 Bf5 4. Nc3 Nf6 5. e3 e6 6. cxd5 Nxd5 7. Bd3 Bxd3 8.
Qxd3 Nd7 9. O-O Bd6 10. e4 Nxc3 11. bxc3 O-O 12. e5 Be7 13. a4 Nc5 14. Qc4 Ne4
15. Nd2 Nxd2 16. Bxd2 Qd5 17. Qxd5 cxd5 18. Rab1 b6 19. f4 g6 20. g4 f5 21.
exf6 Rxf6 22. Rbe1 Kf7 23. Re2 Bd6 24. Ref2 Ke7 25. f5 Rff8 26. Bg5+ Kd7 27.
Bh6 Rfe8 28. f6 Bf8 29. Bxf8 Rxf8 30. g5 Rac8 31. Rc1 Rc4 32. Ra2 Ke8 33. Kf2
Kf7 34. Ke3 h6 35. h4 hxg5 36. hxg5 Rh8 37. a5 Rh3+ 38. Kf4 b5 39. a6 Rc6 40.
Ra5 Rh4+ 41. Kg3 Rxd4 42. cxd4 Rxc1 43. Rxb5 Rf1 44. Rb7+ Ke8 45. Rxa7 Kd8 46.
Rg7 Kc8 47. a7 1-0

[Event "15. Obert Int. Sant Martí 2013 - B"]
[Site "Barcelona ESP"]
[Date "2013.07.17"]
[Round "5.58"]
[White "Salazar Navas, Josep"]
[Black "Ylla Soro, Rafael"]
[Result "1-0"]
[WhiteElo "1789"]
[BlackElo "1596"]
[PlyCount "49"]
[EventDate "2013.07.13"]
[EventType "swiss"]
[EventRounds "9"]
[EventCountry "ESP"]
[SourceTitle "Ajedrez en Madrid"]
[Source "lmi"]
[SourceDate "2013.07.13"]
[SourceVersion "1"]
[SourceVersionDate "2019.06.21"]
[SourceQuality "1"]

1. e4 c5 2. Nc3 e6 3. g3 d5 4. exd5 exd5 5. Bg2 d4 6. Qe2+ Qe7 7. Ne4 Kd8 8. d3
Nc6 9. Bg5 f6 10. Bf4 Ne5 11. O-O-O a5 12. c3 Qc7 13. Kb1 Ne7 14. cxd4 cxd4 15.
Rc1 N7c6 16. Qc2 Qb6 17. Nf3 Be6 18. Qe2 Bb4 19. Rc2 Ke7 20. Rhc1 Rhd8 21. Nxe5
Nxe5 22. Nc5 Bxc5 23. Rxc5 Nd7 24. Bc7 Nxc5 25. Bxb6 1-0

[Event "15. Obert Int. Sant Martí 2013 - B"]
[Site "Barcelona ESP"]
[Date "2013.07.17"]
[Round "5.59"]
[White "Tahay, Romain"]
[Black "Subirana Santos, Marc"]
[Result "0-1"]
[WhiteElo "1553"]
[BlackElo "1759"]
[PlyCount "50"]
[EventDate "2013.07.13"]
[EventType "swiss"]
[EventRounds "9"]
[EventCountry "ESP"]
[SourceTitle "Ajedrez en Madrid"]
[Source "lmi"]
[SourceDate "2013.07.13"]
[SourceVersion "1"]
[SourceVersionDate "2019.06.21"]
[SourceQuality "1"]

1. d4 Nf6 2. c4 g6 3. Nc3 Bg7 4. e4 d6 5. f3 O-O 6. Be3 Nc6 7. Bd3 a6 8. Nge2
e5 9. c5 Ng4 10. fxg4 exd4 11. Nxd4 Nxd4 12. Bxd4 Bxd4 13. cxd6 Qxd6 14. Qf3
Qb4 15. O-O-O Bxc3 16. bxc3 Qxc3+ 17. Bc2 Qg7 18. Qf4 Be6 19. Qxc7 Rfc8 20. Qa5
Bxg4 21. Rde1 Rd8 22. Qb6 Rac8 23. Qxb7 Rb8 24. Qd5 Rxd5 25. exd5 Qh6+ 0-1

[Event "15. Obert Int. Sant Martí 2013 - B"]
[Site "Barcelona ESP"]
[Date "2013.07.17"]
[Round "5.60"]
[White "Cuxart Taltavull, Albert"]
[Black "Boixader Arbo, Xavier"]
[Result "0-1"]
[WhiteElo "1741"]
[BlackElo "1546"]
[PlyCount "96"]
[EventDate "2013.07.13"]
[EventType "swiss"]
[EventRounds "9"]
[EventCountry "ESP"]
[SourceTitle "Ajedrez en Madrid"]
[Source "lmi"]
[SourceDate "2013.07.13"]
[SourceVersion "1"]
[SourceVersionDate "2019.06.21"]
[SourceQuality "1"]

1. c4 e5 2. Nc3 Nf6 3. Nf3 Nc6 4. g3 Bc5 5. Bg2 d6 6. O-O Be6 7. d3 Qd7 8. Re1
Bh3 9. Bh1 O-O 10. a4 Qg4 11. Ng5 h6 12. Bf3 Qf5 13. Nxh3 Qxh3 14. Bg2 Qf5 15.
e3 a6 16. Nd5 Nxd5 17. Bxd5 Rab8 18. Be4 Qf6 19. Qf3 Qxf3 20. Bxf3 Nb4 21. Rd1
Rfe8 22. Be2 f5 23. Kf1 Rbd8 24. a5 Nc2 25. Rb1 Bb4 26. Bf3 e4 27. Bh5 Re5 28.
d4 Rxa5 29. Bd2 Bxd2 30. Rxd2 Nb4 31. g4 Kh7 32. gxf5 Rxf5 33. Bg4 Rf6 34. Ke2
Rdf8 35. Rf1 b6 36. d5 Nd3 37. f4 g5 38. f5 Ne5 39. h3 Nxg4 40. hxg4 h5 41.
gxh5 Rxf5 42. Rxf5 Rxf5 43. Rd1 Re5 44. Kf2 Kh6 45. Kg3 Kxh5 46. Rd2 g4 47. Rd1
Kg5 48. Ra1 Rf5 0-1

[Event "15. Obert Int. Sant Martí 2013 - B"]
[Site "Barcelona ESP"]
[Date "2013.07.17"]
[Round "5.61"]
[White "Martin Sanchez, Antoni"]
[Black "Pico Garcia, Antoni"]
[Result "1-0"]
[WhiteElo "1730"]
[BlackElo "1532"]
[PlyCount "73"]
[EventDate "2013.07.13"]
[EventType "swiss"]
[EventRounds "9"]
[EventCountry "ESP"]
[SourceTitle "Ajedrez en Madrid"]
[Source "lmi"]
[SourceDate "2013.07.13"]
[SourceVersion "1"]
[SourceVersionDate "2019.06.21"]
[SourceQuality "1"]

1. d4 d5 2. c4 e5 3. e3 exd4 4. Qxd4 Nc6 5. Qd1 Nf6 6. Nf3 h6 7. Nc3 Be6 8.
cxd5 Nxd5 9. Nxd5 Bxd5 10. Be2 Bb4+ 11. Kf1 O-O 12. a3 Be7 13. Qc2 Be6 14. Bd2
Qd5 15. Bc3 Bg4 16. Rd1 Qe6 17. Qa4 Rad8 18. h3 Bh5 19. g3 Rxd1+ 20. Bxd1 Rd8
21. Kg2 Bg6 22. Qg4 Qd5 23. Be2 Qb3 24. h4 h5 25. Qc4 Qc2 26. Re1 Qf5 27. b4 a6
28. a4 Rd7 29. b5 axb5 30. axb5 Nd8 31. Nd4 Rxd4 32. Bxd4 Ne6 33. Bf3 Nxd4 34.
exd4 Bd6 35. Bxb7 Qg4 36. Bf3 Qc8 37. Qd5 1-0

[Event "15. Obert Int. Sant Martí 2013 - B"]
[Site "Barcelona ESP"]
[Date "2013.07.17"]
[Round "5.62"]
[White "Domenche Redondo, Francesc"]
[Black "Arribas Alvarez, Marti"]
[Result "1/2-1/2"]
[WhiteElo "1710"]
[BlackElo "1531"]
[PlyCount "29"]
[EventDate "2013.07.13"]
[EventType "swiss"]
[EventRounds "9"]
[EventCountry "ESP"]
[SourceTitle "Ajedrez en Madrid"]
[Source "lmi"]
[SourceDate "2013.07.13"]
[SourceVersion "1"]
[SourceVersionDate "2019.06.21"]
[SourceQuality "1"]

1. d4 d5 2. Nf3 Nf6 3. c4 c6 4. e3 Bg4 5. Nc3 Nbd7 6. cxd5 cxd5 7. h3 Bxf3 8.
Qxf3 e6 9. Bd3 Bb4 10. Bd2 Rc8 11. O-O O-O 12. Rac1 Nb6 13. Nb1 Qd6 14. a3 Bxd2
15. Nxd2 1/2-1/2

[Event "15. Obert Int. Sant Martí 2013 - B"]
[Site "Barcelona ESP"]
[Date "2013.07.17"]
[Round "5.63"]
[White "Ayats Llobera, Gerard"]
[Black "Bernat Pascual, Magi"]
[Result "1-0"]
[WhiteElo "1708"]
[BlackElo "1511"]
[PlyCount "43"]
[EventDate "2013.07.13"]
[EventType "swiss"]
[EventRounds "9"]
[EventCountry "ESP"]
[SourceTitle "Ajedrez en Madrid"]
[Source "lmi"]
[SourceDate "2013.07.13"]
[SourceVersion "1"]
[SourceVersionDate "2019.06.21"]
[SourceQuality "1"]

1. e4 c6 2. d4 d5 3. e5 Bf5 4. h4 Nd7 5. g4 Be6 6. f4 f5 7. g5 Qb6 8. c3 Bf7 9.
h5 g6 10. h6 e6 11. a4 a5 12. Rh3 Qc7 13. b3 Nb6 14. Ba3 Bxa3 15. Nxa3 Ne7 16.
c4 Rc8 17. Qd2 Na8 18. cxd5 cxd5 19. Nb5 Qc2 20. Nd6+ Kd7 21. Bb5+ Rc6 22. Qxc2
1-0

[Event "15. Obert Int. Sant Martí 2013 - B"]
[Site "Barcelona ESP"]
[Date "2013.07.17"]
[Round "5.65"]
[White "Quemades Schmid, Ricardo"]
[Black "Romeo Ros, Joaquin"]
[Result "0-1"]
[WhiteElo "1481"]
[BlackElo "1688"]
[PlyCount "64"]
[EventDate "2013.07.13"]
[EventType "swiss"]
[EventRounds "9"]
[EventCountry "ESP"]
[SourceTitle "Ajedrez en Madrid"]
[Source "lmi"]
[SourceDate "2013.07.13"]
[SourceVersion "1"]
[SourceVersionDate "2019.06.21"]
[SourceQuality "1"]

1. d4 d5 2. Nf3 c5 3. c3 e6 4. Bf4 Nc6 5. e3 Nf6 6. Nbd2 c4 7. Be2 b5 8. Ne5
Bb7 9. O-O Bd6 10. Ndf3 Ne4 11. Nxc6 Bxc6 12. Bxd6 Qxd6 13. Ne5 f6 14. Nxc6
Qxc6 15. f3 Nd6 16. Qd2 a5 17. e4 dxe4 18. fxe4 Nxe4 19. Bf3 O-O 20. Bxe4 Qxe4
21. Rae1 Qd5 22. Qe3 Rae8 23. Qf3 Qxf3 24. Rxf3 e5 25. Rfe3 Re6 26. Kf2 Rfe8
27. Kf3 Kf7 28. g3 g6 29. R1e2 exd4 30. cxd4 Rxe3+ 31. Rxe3 Rxe3+ 32. Kxe3 Ke6
0-1

[Event "15. Obert Int. Sant Martí 2013 - B"]
[Site "Barcelona ESP"]
[Date "2013.07.17"]
[Round "5.66"]
[White "Navarro Pastor, Raul"]
[Black "Petit Montes, Marc"]
[Result "0-1"]
[WhiteElo "1448"]
[BlackElo "1656"]
[PlyCount "64"]
[EventDate "2013.07.13"]
[EventType "swiss"]
[EventRounds "9"]
[EventCountry "ESP"]
[SourceTitle "Ajedrez en Madrid"]
[Source "lmi"]
[SourceDate "2013.07.13"]
[SourceVersion "1"]
[SourceVersionDate "2019.06.21"]
[SourceQuality "1"]

1. e4 c6 2. d4 d5 3. Nc3 dxe4 4. Nxe4 Bf5 5. Ng3 Bg6 6. Nf3 Nd7 7. Bd3 Ngf6 8.
O-O Qc7 9. c4 e6 10. Re1 Be7 11. Qb3 Bxd3 12. Qxd3 O-O-O 13. Bd2 Kb8 14. b4 h5
15. Qc2 Bd6 16. c5 Bxg3 17. fxg3 Nd5 18. a4 Rde8 19. b5 e5 20. bxc6 Qxc6 21.
Nxe5 Nxe5 22. dxe5 h4 23. Bf4 Rh5 24. e6+ Nxf4 25. gxf4 Rxe6 26. f5 Rf6 27. Rf1
Qc8 28. Qc4 Rhxf5 29. Rxf5 Qxf5 30. Rf1 Qxf1+ 31. Qxf1 Rxf1+ 32. Kxf1 Kc7 0-1

[Event "15. Obert Int. Sant Martí 2013 - B"]
[Site "Barcelona ESP"]
[Date "2013.07.17"]
[Round "5.68"]
[White "Roig Martinez, Cristina"]
[Black "Molina Cabaleiro, Juan Jose"]
[Result "0-1"]
[WhiteElo "1476"]
[BlackElo "1801"]
[PlyCount "54"]
[EventDate "2013.07.13"]
[EventType "swiss"]
[EventRounds "9"]
[EventCountry "ESP"]
[SourceTitle "Ajedrez en Madrid"]
[Source "lmi"]
[SourceDate "2013.07.13"]
[SourceVersion "1"]
[SourceVersionDate "2019.06.21"]
[SourceQuality "1"]

1. e4 e6 2. Nf3 d5 3. e5 c5 4. c3 d4 5. d3 Nc6 6. Be2 Nge7 7. Bg5 h6 8. Bh4 g5
9. Bg3 Bg7 10. h3 Ng6 11. Na3 Ngxe5 12. O-O O-O 13. Qd2 Nxf3+ 14. Bxf3 Qa5 15.
Nc4 dxc3 16. Nxa5 cxd2 17. Nxc6 bxc6 18. Rab1 Ba6 19. Be2 Rfd8 20. Bc7 Rd7 21.
Ba5 Bxd3 22. Bxd3 Rxd3 23. Rfd1 Rb8 24. b3 Rb5 25. Bc7 c4 26. Kf1 c3 27. a4
Rbd5 0-1

[Event "15. Obert Int. Sant Martí 2013 - B"]
[Site "Barcelona ESP"]
[Date "2013.07.17"]
[Round "5.69"]
[White "Freixa Rofastes, Ernest"]
[Black "Rovira Ruiz, Enric"]
[Result "1-0"]
[WhiteElo "1455"]
[BlackElo "1765"]
[PlyCount "87"]
[EventDate "2013.07.13"]
[EventType "swiss"]
[EventRounds "9"]
[EventCountry "ESP"]
[SourceTitle "Ajedrez en Madrid"]
[Source "lmi"]
[SourceDate "2013.07.13"]
[SourceVersion "1"]
[SourceVersionDate "2019.06.21"]
[SourceQuality "1"]

1. e4 e5 2. Nf3 Nc6 3. Bc4 Bc5 4. c3 Nf6 5. d3 h6 6. b4 Bb6 7. Qb3 O-O 8. Nbd2
d6 9. a4 a6 10. Bb2 Qe7 11. Qc2 Be6 12. O-O Bxc4 13. Nxc4 Ba7 14. b5 Nd8 15.
Rfe1 Nd7 16. d4 Re8 17. Ba3 Qf6 18. d5 g5 19. Ne3 Bxe3 20. Rxe3 Qg6 21. h3 Nb6
22. c4 Kh8 23. Nh2 f6 24. Rg3 Rf8 25. Bb2 Nf7 26. Rf1 axb5 27. axb5 Ra2 28. Rf3
h5 29. Ra3 Ra8 30. Rxa8+ Rxa8 31. Bc1 Ra4 32. c5 Rc4 33. Qa2 Qxe4 34. cxb6 cxb6
35. Qa8+ Kg7 36. Qxb7 Rc5 37. Ba3 Rxb5 38. Bxd6 Rxd5 39. Bc7 b5 40. Ba5 Kg6 41.
Qa8 Nd6 42. Qg8+ Kf5 43. Qh7+ Ke6 44. Qg8+ 1-0

[Event "15. Obert Int. Sant Martí 2013 - B"]
[Site "Barcelona ESP"]
[Date "2013.07.17"]
[Round "5.70"]
[White "Fernandez Benito, Fco. Javier"]
[Black "Rodriguez Monago, Juan Antonio"]
[Result "0-1"]
[WhiteElo "1702"]
[BlackElo "1445"]
[PlyCount "90"]
[EventDate "2013.07.13"]
[EventType "swiss"]
[EventRounds "9"]
[EventCountry "ESP"]
[SourceTitle "Ajedrez en Madrid"]
[Source "lmi"]
[SourceDate "2013.07.13"]
[SourceVersion "1"]
[SourceVersionDate "2019.06.21"]
[SourceQuality "1"]

1. d4 d5 2. Nf3 Nf6 3. Bf4 e6 4. e3 Bd6 5. Bg5 Nbd7 6. Nbd2 c6 7. Bd3 Qc7 8. c4
dxc4 9. Nxc4 Bb4+ 10. Ncd2 O-O 11. O-O b5 12. Ne4 Be7 13. Rc1 a6 14. Qc2 h6 15.
Nxf6+ Nxf6 16. Bxf6 Bxf6 17. Nd2 Bb7 18. Nb3 Rac8 19. Nc5 Rfd8 20. Rfd1 Be7 21.
b4 Bd6 22. g3 Be7 23. a3 Bd6 24. Qe2 Qe7 25. Qf3 Bxc5 26. bxc5 Rc7 27. Qe4 g6
28. Qf4 h5 29. Kh1 Bc8 30. Rg1 f5 31. Qh4 Qxh4 32. gxh4 Kh7 33. Rg5 Kh6 34. f4
Rg7 35. Be2 Rdg8 36. a4 Bb7 37. Bf3 Rd8 38. Rcg1 Rdg8 39. e4 Kh7 40. Bxh5 Kh6
41. Rxg6+ Rxg6 42. Bxg6 Rxg6 43. Rxg6+ Kxg6 44. exf5+ exf5 45. Kg2 bxa4 0-1

[Event "15. Obert Int. Sant Martí 2013 - B"]
[Site "Barcelona ESP"]
[Date "2013.07.17"]
[Round "5.71"]
[White "Mir Bellmunt, Jose"]
[Black "Martinez Navarro, Miquel"]
[Result "1-0"]
[WhiteElo "1442"]
[BlackElo "1641"]
[PlyCount "75"]
[EventDate "2013.07.13"]
[EventType "swiss"]
[EventRounds "9"]
[EventCountry "ESP"]
[SourceTitle "Ajedrez en Madrid"]
[Source "lmi"]
[SourceDate "2013.07.13"]
[SourceVersion "1"]
[SourceVersionDate "2019.06.21"]
[SourceQuality "1"]

1. e4 e5 2. f4 exf4 3. Nf3 d6 4. d4 g5 5. h3 h5 6. Bc4 g4 7. hxg4 Bxg4 8. Bxf4
Bh6 9. Bxh6 Rxh6 10. Qd3 Nd7 11. Qb3 Be6 12. d5 Nc5 13. Qe3 Bg4 14. Nbd2 Qe7
15. O-O-O Rh8 16. Rde1 f6 17. Rhf1 Nd7 18. Bb5 a6 19. Bxd7+ Qxd7 20. Qc3 O-O-O
21. Nc4 Kb8 22. Nd4 Ka7 23. Na5 Ne7 24. Rxf6 Rhf8 25. Ref1 Rxf6 26. Rxf6 Rc8
27. Rf7 c5 28. dxc6 bxc6 29. Rxe7 Qxe7 30. Ndxc6+ Ka8 31. Nxe7 Rxc3 32. bxc3
Ka7 33. Nc4 Be6 34. Nd5 h4 35. Nxd6 h3 36. gxh3 Bxh3 37. Nf4 Bf1 38. e5 1-0

[Event "15. Obert Int. Sant Martí 2013 - B"]
[Site "Barcelona ESP"]
[Date "2013.07.17"]
[Round "5.72"]
[White "Ballve Monte, Antoni"]
[Black "Catala Morales, Joaquim"]
[Result "0-1"]
[WhiteElo "1638"]
[BlackElo "1413"]
[PlyCount "52"]
[EventDate "2013.07.13"]
[EventType "swiss"]
[EventRounds "9"]
[EventCountry "ESP"]
[SourceTitle "Ajedrez en Madrid"]
[Source "lmi"]
[SourceDate "2013.07.13"]
[SourceVersion "1"]
[SourceVersionDate "2019.06.21"]
[SourceQuality "1"]

1. e4 c5 2. Nf3 Nc6 3. Bc4 e6 4. Nc3 a6 5. a3 Nf6 6. d4 cxd4 7. Nxd4 Nxd4 8.
Qxd4 Qc7 9. h3 Bc5 10. Qd3 b5 11. Bb3 Bb7 12. Bg5 Qe5 13. Bxf6 Qxf6 14. O-O-O
Bc6 15. f3 Qg5+ 16. Kb1 Qxg2 17. a4 O-O 18. axb5 axb5 19. Nxb5 Qg3 20. Qc4 Qe5
21. Nc3 Ra5 22. Ba4 Rfa8 23. b4 Bxb4 24. Qxb4 Rb8 25. Nb5 Rbxb5 26. Bxb5 Qa1#
0-1

[Event "15. Obert Int. Sant Martí 2013 - B"]
[Site "Barcelona ESP"]
[Date "2013.07.17"]
[Round "5.81"]
[White "Vargas Ramirez, Ana Maria"]
[Black "Bernat Mor, Juli"]
[Result "1-0"]
[WhiteElo "1836"]
[BlackElo "1249"]
[PlyCount "51"]
[EventDate "2013.07.13"]
[EventType "swiss"]
[EventRounds "9"]
[EventCountry "ESP"]
[SourceTitle "Ajedrez en Madrid"]
[Source "lmi"]
[SourceDate "2013.07.13"]
[SourceVersion "1"]
[SourceVersionDate "2019.06.21"]
[SourceQuality "1"]

1. e4 c6 2. d4 d5 3. Nc3 dxe4 4. Nxe4 Bf5 5. Ng3 Bg6 6. Nf3 h6 7. Ne5 Qd6 8.
Bf4 Qf6 9. Qg4 Qe6 10. Qxe6 fxe6 11. Nxg6 Rh7 12. Bd3 Nf6 13. Bc7 Nbd7 14. Nf4
g5 15. Bxh7 Nxh7 16. Nxe6 Ndf6 17. O-O-O Nd5 18. c4 Nb4 19. a3 Na6 20. Rhe1 Kd7
21. Ba5 h5 22. d5 c5 23. Ne4 b6 24. Bc3 Bh6 25. d6 g4+ 26. Kb1 1-0

[Event "15. Obert Int. Sant Martí 2013 - B"]
[Site "Barcelona ESP"]
[Date "2013.07.17"]
[Round "5.82"]
[White "Lopez Mayoral, Miguel Angel"]
[Black "Antequera Garcia, Luis"]
[Result "1-0"]
[WhiteElo "1645"]
[BlackElo "1310"]
[PlyCount "55"]
[EventDate "2013.07.13"]
[EventType "swiss"]
[EventRounds "9"]
[EventCountry "ESP"]
[SourceTitle "Ajedrez en Madrid"]
[Source "lmi"]
[SourceDate "2013.07.13"]
[SourceVersion "1"]
[SourceVersionDate "2019.06.21"]
[SourceQuality "1"]

1. e4 e5 2. Nf3 d6 3. c3 Nf6 4. Be2 Nc6 5. Qc2 Be7 6. O-O O-O 7. d4 exd4 8.
cxd4 d5 9. e5 Ne4 10. a3 Bg4 11. Be3 f6 12. exf6 Bxf6 13. Rd1 Ne7 14. Nc3 c6
15. Qb3 Rb8 16. Nxe4 Kh8 17. Nxf6 Rxf6 18. Bg5 Re6 19. Re1 Qe8 20. Bxe7 Qxe7
21. Ne5 Bf5 22. Rac1 Rc8 23. Qxd5 Rf8 24. Qa5 b6 25. Qc3 c5 26. Bc4 cxd4 27.
Qxd4 Rd8 28. Qxd8+ 1-0

[Event "15. Obert Int. Sant Martí 2013 - B"]
[Site "Barcelona ESP"]
[Date "2013.07.17"]
[Round "5.83"]
[White "Bienvenido Kleque, Jose"]
[Black "Guinjoan Fradera, Joan"]
[Result "1/2-1/2"]
[WhiteElo "1513"]
[BlackElo "1547"]
[PlyCount "38"]
[EventDate "2013.07.13"]
[EventType "swiss"]
[EventRounds "9"]
[EventCountry "ESP"]
[SourceTitle "Ajedrez en Madrid"]
[Source "lmi"]
[SourceDate "2013.07.13"]
[SourceVersion "1"]
[SourceVersionDate "2019.06.21"]
[SourceQuality "1"]

1. d4 e6 2. c4 c5 3. Nf3 cxd4 4. Nxd4 Bb4+ 5. Bd2 Bxd2+ 6. Qxd2 Nf6 7. Nc3 d5
8. cxd5 Nxd5 9. e4 Nxc3 10. Qxc3 O-O 11. Be2 Bd7 12. O-O Nc6 13. Rfd1 Qc8 14.
Nxc6 Bxc6 15. f3 Rd8 16. Rxd8+ Qxd8 17. Rd1 Qc7 18. Qd4 g6 19. b3 Qb6 1/2-1/2

[Event "15. Obert Int. Sant Martí 2013 - B"]
[Site "Barcelona ESP"]
[Date "2013.07.18"]
[Round "6.1"]
[White "Esteban Lupianez, Jose Miguel"]
[Black "Varela La Madrid, Maria"]
[Result "0-1"]
[WhiteElo "1788"]
[BlackElo "1927"]
[PlyCount "60"]
[EventDate "2013.07.13"]
[EventType "swiss"]
[EventRounds "9"]
[EventCountry "ESP"]
[SourceTitle "Ajedrez en Madrid"]
[Source "lmi"]
[SourceDate "2013.07.13"]
[SourceVersion "1"]
[SourceVersionDate "2019.06.21"]
[SourceQuality "1"]

1. e4 c5 2. Nf3 Nc6 3. d4 cxd4 4. Nxd4 Nf6 5. Nc3 g6 6. Be3 Bg7 7. Qd2 d6 8.
O-O-O O-O 9. h3 Bd7 10. f4 Rb8 11. f5 Nxd4 12. fxg6 Nc6 13. gxh7+ Kh8 14. Bc4
b5 15. Bd5 Qa5 16. Bh6 Ne5 17. Bxg7+ Kxg7 18. Qg5+ Ng6 19. h8=Q+ Rxh8 20. Rdf1
Rh5 21. Qe3 b4 22. Qe2 bxc3 23. Rxf6 Rxd5 24. Rxg6+ Kxg6 25. exd5 Qxd5 26. Rd1
Qg5+ 27. Kb1 Rxb2+ 28. Ka1 Qa5 29. Qd3+ Kg7 30. Qd4+ e5 0-1

[Event "15. Obert Int. Sant Martí 2013 - B"]
[Site "Barcelona ESP"]
[Date "2013.07.18"]
[Round "6.3"]
[White "Moreno Perez, Norberto"]
[Black "Iglesias Garcia, Jorge"]
[Result "1-0"]
[WhiteElo "1920"]
[BlackElo "1956"]
[PlyCount "53"]
[EventDate "2013.07.13"]
[EventType "swiss"]
[EventRounds "9"]
[EventCountry "ESP"]
[SourceTitle "Ajedrez en Madrid"]
[Source "lmi"]
[SourceDate "2013.07.13"]
[SourceVersion "1"]
[SourceVersionDate "2019.06.21"]
[SourceQuality "1"]

1. e4 e6 2. Nf3 d5 3. exd5 exd5 4. d4 Bd6 5. Be3 Bf5 6. c4 c6 7. cxd5 cxd5 8.
Nc3 Ne7 9. Be2 Nbc6 10. a3 Rc8 11. O-O O-O 12. Nh4 Re8 13. Nxf5 Nxf5 14. Bg4
Nxe3 15. fxe3 Qh4 16. h3 Rcd8 17. Qf3 f6 18. Nxd5 Qg5 19. Rae1 Bb8 20. Nc3 Na5
21. d5 Nc4 22. Be6+ Rxe6 23. dxe6 Nd2 24. Qxb7 Qg3 25. e7 Qh2+ 26. Kf2 Ne4+ 27.
Nxe4 1-0

[Event "15. Obert Int. Sant Martí 2013 - B"]
[Site "Barcelona ESP"]
[Date "2013.07.18"]
[Round "6.4"]
[White "Alvarez Serrano, Carlos"]
[Black "Aguilera Bonaque, Juan Carlos"]
[Result "1-0"]
[WhiteElo "1894"]
[BlackElo "1957"]
[PlyCount "99"]
[EventDate "2013.07.13"]
[EventType "swiss"]
[EventRounds "9"]
[EventCountry "ESP"]
[SourceTitle "Ajedrez en Madrid"]
[Source "lmi"]
[SourceDate "2013.07.13"]
[SourceVersion "1"]
[SourceVersionDate "2019.06.21"]
[SourceQuality "1"]

1. e4 c5 2. Nf3 Nc6 3. d4 cxd4 4. Nxd4 e6 5. Nc3 Qc7 6. Be2 a6 7. O-O Bd6 8. g3
Nf6 9. Ndb5 axb5 10. Nxb5 Qb8 11. Nxd6+ Ke7 12. Nxc8+ Rxc8 13. Bf3 d6 14. h3
Ne5 15. Bg2 Qc7 16. c3 Qc4 17. Qd4 Qxd4 18. cxd4 Nd3 19. Rd1 Nxc1 20. Raxc1 Kd7
21. a3 Ra4 22. Rxc8 Kxc8 23. g4 Rc4 24. Rd2 Kc7 25. Kf1 Ne8 26. Ke2 Kd7 27. Kd1
Nc7 28. Bf1 Ra4 29. f3 Ra5 30. Kc2 Kc6 31. Kb3 Kd7 32. Kb4 b6 33. Rc2 d5 34. e5
f6 35. f4 Ra7 36. Bb5+ Ke7 37. Rc6 Rb7 38. Rd6 Nxb5 39. Kxb5 Rc7 40. Rc6 Kd7
41. Rxc7+ Kxc7 42. b4 Kd7 43. a4 g5 44. fxg5 f5 45. gxf5 exf5 46. Kxb6 f4 47.
a5 Kc8 48. a6 Kb8 49. a7+ Ka8 50. e6 1-0

[Event "15. Obert Int. Sant Martí 2013 - B"]
[Site "Barcelona ESP"]
[Date "2013.07.18"]
[Round "6.5"]
[White "Catalan Escale, Enric"]
[Black "Navarro Gutierrez, Andres Camilo"]
[Result "1/2-1/2"]
[WhiteElo "1988"]
[BlackElo "1909"]
[PlyCount "30"]
[EventDate "2013.07.13"]
[EventType "swiss"]
[EventRounds "9"]
[EventCountry "ESP"]
[SourceTitle "Ajedrez en Madrid"]
[Source "lmi"]
[SourceDate "2013.07.13"]
[SourceVersion "1"]
[SourceVersionDate "2019.06.21"]
[SourceQuality "1"]

1. e4 c5 2. c3 d5 3. exd5 Qxd5 4. d4 Nc6 5. Nf3 Bg4 6. Be2 e6 7. h3 Bh5 8. O-O
Nf6 9. Na3 Be7 10. Be3 cxd4 11. Nb5 Rc8 12. Nbxd4 Nxd4 13. Bxd4 a6 14. Ne5 Bxe2
15. Qxe2 O-O 1/2-1/2

[Event "15. Obert Int. Sant Martí 2013 - B"]
[Site "Barcelona ESP"]
[Date "2013.07.18"]
[Round "6.6"]
[White "Dominguez Carnero, Javier"]
[Black "Walter Travella, German"]
[Result "1-0"]
[WhiteElo "1913"]
[BlackElo "1973"]
[PlyCount "63"]
[EventDate "2013.07.13"]
[EventType "swiss"]
[EventRounds "9"]
[EventCountry "ESP"]
[SourceTitle "Ajedrez en Madrid"]
[Source "lmi"]
[SourceDate "2013.07.13"]
[SourceVersion "1"]
[SourceVersionDate "2019.06.21"]
[SourceQuality "1"]

1. d4 Nf6 2. Nf3 c5 3. c3 cxd4 4. cxd4 Nc6 5. Nc3 d5 6. Qb3 e6 7. Bg5 Qa5 8.
Bxf6 gxf6 9. e3 a6 10. Bd3 Bd6 11. Rc1 f5 12. Bb1 Bd7 13. a3 f6 14. Qa4 Qd8 15.
Qd1 b5 16. Nd2 Qe7 17. Qf3 Qf7 18. Ba2 Ne7 19. Bb3 Rc8 20. h3 h5 21. Rg1 a5 22.
Kd1 b4 23. axb4 axb4 24. Ne2 Rxc1+ 25. Nxc1 e5 26. Qe2 Rg8 27. Qa6 Nc8 28. e4
fxe4 29. Nxe4 Be7 30. Qa8 Bxh3 31. Bxd5 Be6 32. Qc6+ 1-0